Statistics for Least Landlocked Countries by First Level Subdivision Borders

Click here to take the quiz!

General Stats

  • This quiz has been taken 56 times
  • The average score is 15 of 22

Answer Stats

LLLCountry% Correct
0Denmark
88%
0.3Italy
88%
0.167Norway
85%
0.062Chile
83%
0Greece
80%
0.333Sweden
78%
0.154Canada
76%
0.25Morocco
76%
0.143Panama
76%
0.125Malaysia
73%
0Netherlands
73%
0.25France
68%
0.167Israel
66%
0.333Lebanon
61%
0.125Qatar
61%
0.333Somalia
59%
0.333Belize
56%
0.167Kuwait
54%
0.333Djibouti
49%
0.308North Korea
49%
0.273Mozambique
39%
0.222Guinea-Bissau
34%

Score Distribution

Percentile by Number Answered

Percent of People with Each Score

Your Score History

You have not taken this quiz